000 01399aam a2200373 i 4500
001 768714001
003 CO-MdFUSB
005 20201209092334.0
007 ta
008 910530r19981991dcua b 000 0 eng
010 _a91072968
020 _a1566990505
040 _aDLC
_cCO-MdFUSB
_dCAP
_dCO-MdFUSB
_dUtOrBLW
_bspa
_erda
041 _aeng
082 _223
_a262.0017
_bM479
090 _aBV601.8
100 1 _aMead, Loren B.
_eautor
245 1 4 _aThe once and future church :
_breinventing the congregation for a new mission frontier
_c/ Loren B. Mead.
264 1 _aWashington, D.C. :
_bAlban Institute,
_c[1993]
264 4 _c©1993
300 _a92 páginas :
_bilustraciones ;
_c24 cm.
336 _atexto
_btxt
_2rdacontent.
337 _asin mediación
_bn
_2rdamedia.
338 _avolumen
_bnc
_2rdacarrier.
504 _aIncluye referencias bibliográficas.
505 _aEl desafío de la congregación - Paradigmas perdidos - Grietas en el sistema - La reinvención de la iglesia - Principios y estrategias para construir la futura iglesia y algunos pecados de su presencia -- A dónde va la iglesia en el mundo. -- Apéndice: la variación de la iglesia libre en la cristiandad.
563 _aRústico
650 7 _9655
_aIglesia
653 _aMisión de la iglesia
942 _cBK
945 _aJTF-925
999 _c66077
_d66077